[Event "Eastern Asia-ch U12"]
[Site "Tornelo INT"]
[Date "2021.10.31"]
[Round "8"]
[White "Nguyen, Thai Son"]
[Black "Gan, Wei En Justin"]
[Result "1-0"]
[WhiteElo "1385"]
[BlackElo "1175"]
[PlyCount "157"]
[EventDate "2021.10.29"]
[EventType "swiss"]
[EventRounds "9"]
[EventCountry "NET"]
[SourceTitle "EXT 2023"]
[Source "ChessBase"]
[SourceDate "2022.10.05"]
[SourceVersion "1"]
[SourceVersionDate "2022.10.05"]
[SourceQuality "1"]

1. e4 c5 2. Nf3 Nc6 3. d4 cxd4 4. Nxd4 g6 5. Nc3 Bg7 6. Be3 Nf6 7. Bc4 Qa5 8. 0-0 0-0 9. Bb3 d6 10. h3 Bd7 11. Re1 Qh5 12. Nxc6 Bxc6 13. Bd4 Qa5 14. Nd5 Bxd5 15. exd5 Rfe8 16. Bc3 Qc7 17. Ba4 Rf8 18. Qd3 a6 19. Rad1 b5 20. Bb3 Rfb8 21. Qe2 Rb7 22. a4 bxa4 23. Bxa4 Re8 24. Bxe8 Nxe8 25. Bxg7 Nxg7 26. Qxa6 Ra7 27. Qd3 Ra2 28. Qb3 Ra8 29. Ra1 Rb8 30. Qd3 Ne8 31. b3 Nf6 32. c4 Kf8 33. Rab1 Qc5 34. Qc3 Re8 35. b4 Qc7 36. b5 Qb7 37. b6 Kg8 38. Qd4 Nd7 39. Rb5 Nc5 40. Ra1 Ra8 41. Rxa8+ Qxa8 42. b7 Nxb7 43. Qb6 Nc5 44. Qb8+ Qxb8 45. Rxb8+ Kg7 46. Kf1 h5 47. Ke2 Kf6 48. Ke3 Nd7 49. Rb7 Nc5 50. Ra7 e6 51. dxe6 Kxe6 52. g3 Nd7 53. Kd4 Nc5 54. Ra3 Nd7 55. Re3+ Kf6 56. Kd5 Nb6+ 57. Kd4 Kg7 58. Rb3 Nd7 59. Kd5 Nf6+ 60. Kxd6 Ne4+ 61. Ke5 Nc5 62. Rc3 f6+ 63. Kd5 Nd7 64. c5 f5 65. c6 Nb6+ 66. Kd6 Kf7 67. c7 Nc8+ 68. Kd7 Nb6+ 69. Kd8 g5 70. Rc6 f4 71. gxf4 g4 72. hxg4 h4 73. Rxb6 h3 74. Rh6 Kg7 75. Rxh3 Kf7 76. c8Q Kf6 77. Rh6+ Kf7 78. Qd7+ Kf8 79. Rh8# 1-0

[Event "VIE Cup"]
[Site "Hanoi"]
[Date "2021.??.??"]
[Round "2"]
[White "Nguyen, Thai Son"]
[Black "Tran, Van Anh Kiet"]
[Result "1-0"]
[WhiteElo "1514"]
[BlackElo "2440"]
[PlyCount "99"]
[EventDate "2021.05.03"]
[EventType "swiss"]
[EventRounds "9"]
[EventCountry "VIE"]
[SourceTitle "EXT 2022"]
[Source "ChessBase"]
[SourceDate "2021.10.06"]
[SourceVersion "1"]
[SourceVersionDate "2021.10.06"]
[SourceQuality "1"]

1. e4 e5 2. Nf3 Nc6 3. Bb5 d6 4. c3 a6 5. Ba4 b5 6. Bb3 Nf6 7. d3 Bg4 8. 0-0 Be7 9. Nbd2 0-0 10. Re1 Re8 11. Nf1 Qd7 12. Ng3 Bf8 13. Bg5 Nh5 14. Nf1 h6 15. Bc1 Nf6 16. h3 Be6 17. Bc2 b4 18. d4 exd4 19. cxd4 d5 20. e5 Nh7 21. Ba4 a5 22. Qc2 Ra6 23. Ne3 Bxh3 24. Qe2 Rb6 25. gxh3 Qxh3 26. Ng2 Re6 27. Bc2 Ng5 28. Bxg5 hxg5 29. Nxg5 Qh6 30. Bh7+ Qxh7 31. Nxh7 Kxh7 32. Qd3+ Kg8 33. Re3 Re7 34. Nf4 Rd7 35. Rh3 g6 36. e6 fxe6 37. Nxe6 Ne7 38. Nxf8 Kxf8 39. Rf3+ Nf5 40. Rc1 c6 41. Rxf5+ gxf5 42. Qxf5+ Rf7 43. Qc8+ Kg7 44. Rxc6 Rbb7 45. Qg4+ Kf8 46. Kf1 Rbd7 47. Qg5 Rg7 48. Rc8+ Kf7 49. Qf5+ Ke7 50. Qf8+ 1-0